| 000 | 00830cab a2200301 4500 | ||
|---|---|---|---|
| 001 | ABS52724 | ||
| 008 | 090401t1995 xxu||||| |||| 00| 0 eng d | ||
| 035 | _a(Sirsi) u93095 | ||
| 041 | _aeng | ||
| 100 | _aSmith, C. | ||
| 245 | _aProposed landfill tax - consultation paper | ||
| 260 | _c1995 | ||
| 350 | _a0 | ||
| 490 |
_aEnvironmental Law Bulletin _v(6) April 1995, 7-9(3) |
||
| 520 | _aSummaries the consultation paper on the proposed Landfill Tax. | ||
| 650 | _aCONSULTATION PAPERS | ||
| 650 | _aENVIRONMENTAL TRUSTS | ||
| 650 | _aLANDFILL SITES | ||
| 650 | _aLANDFILL TAX | ||
| 650 | _aLANDFILL WASTE | ||
| 650 | _aWASTE DISPOSAL | ||
| 650 | _aWASTE INDUSTRY | ||
| 650 | _aWASTE MANAGEMENT | ||
| 690 | _aENVIRONMENTAL AND LAND CONSULTANCY | ||
| 690 | _aTAXATION | ||
| 942 | _n0 | ||
| 948 | _c04/03/1997 | ||
| 999 |
_c58999 _d58999 |
||